[Event "POL-chT2 South U19"]
[Site "Rudnik"]
[Date "2000.??.??"]
[Round "4.2"]
[White "Piekos, Maciej"]
[Black "Belzo, Krzysztof"]
[Result "0-1"]
[WhiteElo "1800"]
[BlackElo "1800"]
[PlyCount "60"]
[EventDate "2000.07.20"]
[EventType "team-swiss"]
[EventRounds "10"]
[EventCountry "POL"]
[SourceTitle "EXT 2005"]
[Source "ChessBase"]
[SourceDate "2004.11.15"]
[SourceVersion "1"]
[SourceVersionDate "2004.11.15"]
[SourceQuality "1"]
[WhiteTeam "POL-chT2 South U19 3"]
[BlackTeam "POL-chT2 South U19 4"]
[WhiteTeamCountry "POL"]
[BlackTeamCountry "POL"]

1. d4 c5 2. d5 e5 3. e4 d6 4. Nc3 a6 5. a4 Be7 6. Nf3 Bg4 7. Be2 Bxf3 8. Bxf3 Bg5 9. 0-0 h5 10. Be2 Bxc1 11. Qxc1 Nd7 12. Qd2 Ne7 13. f4 Ng6 14. f5 Nf4 15. Rxf4 Qg5 16. Raf1 exf4 17. Rxf4 Ne5 18. h4 Qf6 19. Nd1 Rc8 20. g3 Qd8 21. Nf2 Qb6 22. f6 g6 23. c4 Qb3 24. Kh2 Qxa4 25. Kg2 Rb8 26. g4 hxg4 27. Nxg4 Qd7 28. Nxe5 dxe5 29. Rg4 Qd6 30. Bd1 Qxf6 0-1